Presidents From The Original 13 Colonies - Statistics

General Stats
  • This quiz has been taken 56 times
  • The average score is 19 of 26
Answer Stats
President State % Correct
George Washington* Virginia
98%
Thomas Jefferson* Virginia
94%
James Madison* Virginia
92%
James Monroe* Virginia
88%
John Adams* Massachusetts
86%
John Quincy Adams* Massachusetts
84%
Donald Trump New York
84%
Joe Biden Pennsylvania
80%
Jimmy Carter Georgia
78%
Franklin D. Roosevelt New York
76%
Theodore Roosevelt New York
75%
Martin Van Buren New York
73%
Andrew Jackson* South Carolina
73%
George W. Bush Connecticut
71%
John F. Kennedy Massachusetts
71%
William Henry Harrison* Virginia
71%
James Buchanan Pennsylvania
67%
Zachary Taylor Virginia
67%
John Tyler Virginia
67%
George H.W. Bush Massachusetts
65%
Millard Fillmore New York
61%
Woodrow Wilson Virginia
59%
Franklin Pierce New Hampshire
57%
Grover Cleveland New Jersey
57%
Andrew Johnson North Carolina
57%
James K. Polk North Carolina
55%
No matching quizzes found
Score Distribution
Percent of People with Each Score
Percentile by Number Answered
Your Score History
You have not taken this quiz